000 00519nam a2200181Ia 4500
008 100920s9999 xx 000 0 und d
082 _b80796
_a28 व 7 0
100 _aANAND.
245 _aWELL LOVED TALES TOM THUMB.
260 _bDBH Publishing House,Delhi.
_c0
300 _a24
_bसाधी
365 _b16
520 _aबा.वि.स्टोरी.
630 _aWELL LOVED TALES TOM THUMB.
650 _aबा.वि.स्टोरी.
730 _aWELL LOVED TALES TOM THUMB.
942 _cBOOK
999 _c721664
_d721661